[Event "4NCL 2009-10"]
[Site "Sunningdale ENG"]
[Date "2009.10.24"]
[Round "1"]
[White "Cumbers,P"]
[Black "Berzinsh,R"]
[Result "0-1"]
[WhiteElo "2218"]
[BlackElo "2424"]
[EventDate "2009.10.24"]

1. d4 Nf6 2. c4 e6 3. Nc3 Bb4 4. Qc2 c5 5. dxc5 Bxc5 6. Nf3 Qb6 7. e3 Qc7
8. b3 b6 9. Bb2 Bb7 10. Nb5 Qc6 11. Ne5 Qc8 12. O-O-O Nc6 13. Nxc6 Qxc6 14.
Be5 O-O 15. Nd6 Bxd6 16. Rxd6 Qc5 17. Qb2 Ne4 18. b4 Qc8 19. Rd1 f6 20. Bd6
Nxd6 21. Rxd6 Bd5 22. Qd4 Qc7 23. Rxd5 exd5 24. Qxd5+ Kh8 25. Bd3 a5 26. b5
Rae8 27. Kb2 f5 28. Be2 Re5 29. Qd4 d5 30. cxd5 Re4 31. d6 Qd8 32. Qd2 Qf6+
33. Ka3 Rc8 34. Rb1 Qe5 35. Rb3 h6 36. Bf3 Qc5+ 37. Kb2 Rc4 38. Bc6 a4 39.
d7 Rd8 40. Rc3 a3+ 41. Rxa3 f4 42. exf4 Rd4 43. Qe3 Rf8 44. g3 Qd6 45. Kc2
Qb4 46. Rb3 Qc5+ 47. Kb2 Qd6 48. Ka1 Rd2 49. Rb2 Rd1+ 50. Rb1 Rd2 51. Rc1
Qf6+ 52. Qc3 Qd6 53. Rc2 Rd3 54. Qb2 Rf5 55. Rc1 Rc5 56. Rxc5 Qxc5 57. Be4
Rxd7 58. h4 Rd4 59. Bb1 Kg8 60. Qb3+ Kf8 61. Qe3 Rb4 62. Qd3 Ke7 63. Qe2+
Kd6 64. Qd2+ Qd4+ 65. Qxd4+ Rxd4 66. Kb2 Rd2+ 67. Kb3 Rxf2 68. Be4 Kc5 69.
Bc6 Re2 70. g4 Rf2 71. g5 h5 72. Be8 Rxf4 73. Bxh5 Rxh4 74. Bf7 Kxb5 75. g6
Rh3+ 76. Kb2 Rg3 77. Kc2 Kb4 78. Kd2 Ka3 79. Kc2 b5 80. Kb1 Rg2 81. Be8
Rxa2 82. Bxb5 Rb2+ 83. Ka1 Rd2 84. Kb1 Rb2+ 85. Ka1 Kb3 86. Bc4+ Ka3 87.
Bf7 Rb6 88. Be8 Re6 0-1

[Event "4NCL 2009-10"]
[Site "Sunningdale ENG"]
[Date "2009.10.24"]
[Round "1"]
[White "Wall,G"]
[Black "Birtwistle,N"]
[Result "1-0"]
[WhiteElo "2296"]
[BlackElo "2179"]
[EventDate "2009.10.24"]

1. e4 c5 2. Nf3 g6 3. d4 cxd4 4. Qxd4 Nf6 5. Nc3 Nc6 6. Qa4 d6 7. e5 Ng4 8.
exd6 Bg7 9. h3 Nge5 10. Nxe5 Bxe5 11. Bb5 Qxd6 12. O-O O-O 13. Bh6 Bg7 14.
Rad1 Qf6 15. Nd5 Qxb2 16. Bc1 Qe5 17. Rfe1 Qh5 18. Bxc6 bxc6 19. Nxe7+ Kh8
20. Nxc6 Be6 21. Be3 a6 22. Bd4 Qb5 23. Bxg7+ Kxg7 24. Qd4+ Kg8 25. Ne7+
1-0

[Event "4NCL 2009-10"]
[Site "Sunningdale ENG"]
[Date "2009.10.24"]
[Round "1"]
[White "Sowray,P"]
[Black "Cobb,J"]
[Result "1-0"]
[WhiteElo "2318"]
[BlackElo "2415"]
[EventDate "2009.10.24"]

1. e4 e6 2. Nf3 d5 3. Nc3 Nf6 4. e5 Nfd7 5. d4 c5 6. dxc5 Nc6 7. Bf4 Be7 8.
Qd2 Nxc5 9. O-O-O Bd7 10. Kb1 a6 11. h4 b5 12. Bd3 Qb6 13. Be3 Qa5 14. h5
b4 15. Ne2 Na4 16. h6 g6 17. Nfd4 Nxe5 18. Nb3 Qc7 19. Bf4 O-O 20. Qe3 Bd6
21. Qg3 Rfc8 22. Nbd4 Nc5 23. Rh5 f5 24. Rg5 Be8 25. f3 Ra7 26. Re1 Kh8 27.
Nc1 Nf7 28. Rxg6 hxg6 29. Qxg6 Ne5 30. Qf6+ Kh7 31. Nxe6 Nxe6 32. Bxe5 Bg6
33. Bxd6 Qf7 34. Rxe6 1-0

[Event "4NCL 2009-10"]
[Site "Sunningdale ENG"]
[Date "2009.10.24"]
[Round "1"]
[White "Cooper,J"]
[Black "Tiller,B"]
[Result "0-1"]
[WhiteElo "2346"]
[BlackElo "2378"]
[EventDate "2009.10.24"]

1. Nf3 b5 2. g3 Bb7 3. Bg2 c5 4. b3 Nf6 5. c4 a6 6. Nc3 b4 7. Na4 e5 8. O-O
d6 9. e3 Nbd7 10. d4 Be7 11. Bb2 Qc7 12. dxe5 dxe5 13. Nxe5 Bxg2 14. Nxd7
Bxf1 15. Qf3 Kxd7 16. Rd1+ Ke6 17. g4 Bd6 18. Kxf1 Rhd8 19. Qf5+ Ke7 20. g5
Ne8 21. Rd5 Qd7 22. Qxh7 Qe6 23. Qh4 Rac8 24. e4 Qg6 25. Rf5 Nc7 26. Bf6+
gxf6 27. Rxf6 Rh8 0-1

[Event "4NCL 2009-10"]
[Site "Sunningdale ENG"]
[Date "2009.10.24"]
[Round "1"]
[White "Morris,Ch"]
[Black "Broomfield,M"]
[Result "0-1"]
[WhiteElo "2189"]
[BlackElo "2339"]
[EventDate "2009.10.24"]

1. c4 Nf6 2. g3 c6 3. b3 d5 4. Bb2 e6 5. Nf3 Be7 6. e3 O-O 7. Bg2 b5 8. O-O
bxc4 9. bxc4 Ba6 10. Qc2 Bxc4 11. Rc1 Qa5 12. Ne5 Ba6 13. d4 Rc8 14. Nd2
Nfd7 15. Nb3 Qa4 16. Nd3 Bc4 17. Bf1 Na6 18. Bc3 Ba3 19. Rcb1 c5 20. dxc5
Naxc5 21. Ndxc5 Nxc5 22. Nd4 Bxf1 23. Rxf1 e5 24. Qf5 exd4 25. Bxd4 Qd7 26.
Qf3 Ne4 27. Rfd1 Qe6 28. Rd3 Bc5 29. Bb2 Rab8 30. Qe2 Ng5 31. Rad1 Qe4 32.
Rxd5 Nh3+ 0-1

[Event "4NCL 2009-10"]
[Site "Sunningdale ENG"]
[Date "2009.10.24"]
[Round "1"]
[White "Briscoe,C"]
[Black "Redmond,J"]
[Result "1/2-1/2"]
[WhiteElo "2232"]
[BlackElo "2196"]
[EventDate "2009.10.24"]

1. d4 f5 2. c4 Nf6 3. Nc3 e6 4. Nf3 Bb4 5. Bg5 h6 6. Bf4 O-O 7. g3 Ne4 8.
Rc1 d6 9. Bg2 Qf6 10. O-O Bxc3 11. bxc3 Nc6 12. Nd2 Nxd2 13. Bxd2 e5 14.
Qa4 f4 15. c5 exd4 16. cxd6 cxd6 17. Bxf4 dxc3 18. Qb3+ Be6 19. Bd5 Nd4 20.
Bxe6+ Qxe6 21. Qxe6+ Nxe6 22. Bxd6 Rfc8 23. Rfd1 Rc6 24. f4 1/2-1/2

[Event "4NCL 2009-10"]
[Site "Sunningdale ENG"]
[Date "2009.10.24"]
[Round "1"]
[White "O'Neill,P"]
[Black "McFarland,R"]
[Result "1/2-1/2"]
[WhiteElo "2163"]
[BlackElo "2215"]
[EventDate "2009.10.24"]

1. d4 g6 2. c4 Bg7 3. Nc3 Nf6 4. e4 d6 5. h3 O-O 6. Bg5 h6 7. Be3 c5 8. d5
a6 9. a4 e6 10. Nge2 exd5 11. exd5 Re8 12. Ng3 Nbd7 13. Be2 Qe7 14. O-O Kh7
15. Qd2 Ng8 16. Rae1 f5 17. Bd1 Ne5 18. b3 Qf8 19. Bc2 Bd7 20. a5 Rab8 21.
f4 Nf7 22. Bf2 Rxe1 1/2-1/2

[Event "4NCL 2009-10"]
[Site "Sunningdale ENG"]
[Date "2009.10.24"]
[Round "1"]
[White "Hegarty,S"]
[Black "James,Dav"]
[Result "0-1"]
[WhiteElo "2096"]
[BlackElo "2110"]
[EventDate "2009.10.24"]

1. e4 c5 2. Nf3 d6 3. d4 cxd4 4. Nxd4 Nf6 5. Nc3 a6 6. Bc4 e6 7. Bb3 Nbd7
8. f4 Nc5 9. f5 Be7 10. O-O O-O 11. Qe2 e5 12. Nf3 Nxb3 13. axb3 h6 14. Kh1
Bd7 15. Be3 Bc6 16. Rfd1 Qc7 17. Nd2 d5 18. exd5 Nxd5 19. Nxd5 Bxd5 20. Qg4
Kh7 21. c4 Bc6 22. Rf1 Bf6 23. c5 Rfd8 24. Ne4 Bxe4 25. Qxe4 Rd7 26. g4
Rad8 27. Rfc1 Rd3 28. b4 Rxe3 29. Qxe3 Qc6+ 30. Kg1 Bg5 31. Qe2 Rd2 0-1

[Event "4NCL 2009-10"]
[Site "Sunningdale ENG"]
[Date "2009.10.24"]
[Round "1"]
[White "Wilson,Ju"]
[Black "Hasman,C"]
[Result "0-1"]
[WhiteElo "1890"]
[BlackElo "2097"]
[EventDate "2009.10.24"]

1. d4 Nf6 2. c4 g6 3. Nc3 Bg7 4. e4 d6 5. Bd3 e5 6. d5 O-O 7. Nge2 Nh5 8.
Be3 Na6 9. Qd2 f5 10. exf5 gxf5 11. Ng3 Nf4 12. Bxf4 exf4 13. Nh5 Re8+ 14.
Ne2 Be5 15. O-O-O Nc5 16. Nexf4 b5 17. cxb5 a6 18. Qb4 axb5 19. Bxb5 Bd7
20. Bxd7 Qxd7 21. Rhe1 Qd8 22. Qc4 Qg5 23. g3 Ra4 24. Qb5 Raa8 25. Kb1 Reb8
26. Qe2 Rxb2+ 27. Qxb2 Bxb2 28. Kxb2 Qd8 29. Rb1 Kf7 30. a3 Qh8+ 31. Ka2
Qc3 32. Re3 Rxa3+ 0-1

[Event "4NCL 2009-10"]
[Site "Sunningdale ENG"]
[Date "2009.10.24"]
[Round "1"]
[White "Hunt,A"]
[Black "Parker,J"]
[Result "1/2-1/2"]
[WhiteElo "2422"]
[BlackElo "2523"]
[EventDate "2009.10.24"]

1. e4 e5 2. Nf3 Nc6 3. Bb5 g6 4. c3 d6 5. d4 Bd7 6. O-O Bg7 7. d5 Nce7 8.
Bxd7+ Qxd7 9. c4 h6 10. Nc3 f5 11. exf5 gxf5 12. Nh4 Nf6 13. f4 e4 14. Be3
Kf7 15. b4 h5 16. Rc1 Ng6 17. Nxg6 Kxg6 18. h3 a5 19. b5 b6 20. Ne2 Rae8
21. Nd4 1/2-1/2

[Event "4NCL 2009-10"]
[Site "Sunningdale ENG"]
[Date "2009.10.24"]
[Round "1"]
[White "D'Costa,L"]
[Black "Ansell,S"]
[Result "1-0"]
[WhiteElo "2479"]
[BlackElo "2380"]
[EventDate "2009.10.24"]

1. Nf3 Nf6 2. c4 c6 3. e3 d5 4. Nc3 a6 5. Qc2 g6 6. d4 Bg7 7. Bd3 O-O 8.
O-O b5 9. b3 Nbd7 10. Bb2 Bb7 11. e4 b4 12. Na4 dxe4 13. Bxe4 Qc7 14. Nd2
Rad8 15. Rad1 e5 16. dxe5 Nxe5 17. h3 Rfe8 18. Rfe1 Bc8 19. f4 Ned7 20. Bf3
Qxf4 21. Bxc6 Rxe1+ 22. Rxe1 Nb8 23. Be5 Qxd2 24. Qxd2 Rxd2 25. Bxb8 Rxa2
26. Rd1 1-0

[Event "4NCL 2009-10"]
[Site "Sunningdale ENG"]
[Date "2009.10.24"]
[Round "1"]
[White "Baker,CW"]
[Black "Collins,S IRL"]
[Result "0-1"]
[WhiteElo "2357"]
[BlackElo "2431"]
[EventDate "2009.10.24"]

1. e4 e5 2. Nf3 Nc6 3. Bc4 Bc5 4. b4 Bxb4 5. c3 Ba5 6. d4 exd4 7. O-O Nge7
8. Ng5 d5 9. exd5 Ne5 10. Bb3 O-O 11. Qxd4 N7g6 12. Bc2 Bb6 13. Qd2 h6 14.
Ne4 Qh4 15. Ba3 Re8 16. Bc5 Bxc5 17. Nxc5 Nf4 18. f3 Nxf3+ 19. Rxf3 Re1+
0-1

[Event "4NCL 2009-10"]
[Site "Sunningdale ENG"]
[Date "2009.10.24"]
[Round "1"]
[White "Ferguson,M"]
[Black "Webb,L"]
[Result "1/2-1/2"]
[WhiteElo "2410"]
[BlackElo "2321"]
[EventDate "2009.10.24"]

1. e4 e6 2. d4 d5 3. Nd2 Nf6 4. e5 Nfd7 5. c3 c5 6. Bd3 b6 7. Ne2 Ba6 8.
Bxa6 Nxa6 9. Nf4 cxd4 10. cxd4 Nb4 11. O-O Rc8 12. Nf3 Be7 13. Bd2 O-O 14.
Qa4 Nc6 15. b4 Ndb8 16. b5 Na5 17. Bxa5 bxa5 18. Rfc1 Qb6 19. Nd3 a6 20.
bxa6 Qxa6 21. Nc5 Bxc5 22. dxc5 Nc6 23. Rab1 h6 24. Rb6 Qa8 25. Qb5 Rc7 26.
Ra6 Qe8 27. Rb6 Qd7 28. h3 Rfc8 1/2-1/2

[Event "4NCL 2009-10"]
[Site "Sunningdale ENG"]
[Date "2009.10.24"]
[Round "1"]
[White "Eames,R"]
[Black "Cox,JohnJ"]
[Result "0-1"]
[WhiteElo "2276"]
[BlackElo "2378"]
[EventDate "2009.10.24"]

1. e4 e5 2. f4 exf4 3. Nf3 g5 4. d4 Bg7 5. h4 h6 6. hxg5 hxg5 7. Rxh8 Bxh8
8. g3 d6 9. gxf4 g4 10. Ng5 f6 11. f5 fxg5 12. Qxg4 Bxd4 13. Bc4 Nf6 14.
Qxg5 Qe7 15. Qg6+ Kd8 16. Bg5 Bd7 17. Nc3 Be8 18. Qh6 c6 19. O-O-O Be5 20.
Qh8 Nbd7 21. Rh1 Kc7 22. Be6 Rd8 23. Qh4 Nc5 24. Qf2 Bd7 25. Rh6 Bxe6 26.
fxe6 Rf8 27. b4 Bxc3 28. bxc5 Qxe6 29. cxd6+ Kb8 30. e5 Bxe5 31. d7 Nxd7
32. Qh4 Rf1+ 33. Kd2 Qd5+ 34. Ke2 Qf3+ 35. Kd2 Rd1+ 0-1

[Event "4NCL 2009-10"]
[Site "Sunningdale ENG"]
[Date "2009.10.24"]
[Round "1"]
[White "Devereaux,M"]
[Black "Ledger,D"]
[Result "1/2-1/2"]
[WhiteElo "2387"]
[BlackElo "2245"]
[EventDate "2009.10.24"]

1. d4 Nf6 2. c4 g6 3. Nc3 Bg7 4. e4 d6 5. Nf3 O-O 6. Be2 e5 7. O-O Nc6 8.
d5 Ne7 9. b4 Nh5 10. Re1 f5 11. Ng5 Nf6 12. Ne6 Bxe6 13. dxe6 fxe4 14. Bg5
c6 15. Bxf6 Rxf6 16. Nxe4 Rxe6 17. Qb3 Nf5 18. Bg4 Qh4 19. Bh3 Kh8 20. Rad1
Rd8 21. g3 Qe7 22. Rd3 a6 23. Qd1 Nd4 24. f4 c5 25. Bxe6 Qxe6 26. bxc5 dxc5
27. fxe5 Qxc4 28. Nd6 Qd5 29. Rf1 Kg8 30. Re3 b5 31. Qg4 Nc2 32. Rd3 Nd4
33. Re3 Nc2 34. Qg5 Rf8 35. Rxf8+ Bxf8 36. Re4 Bxd6 37. Qd8+ Kg7 38. Qf6+
Kg8 39. Qd8+ Kg7 40. Qd7+ Kg8 41. Qe8+ Bf8 42. e6 Qd1+ 43. Kg2 Qd2+ 44. Kg1
Qd1+ 45. Kg2 Qd2+ 46. Kg1 1/2-1/2

[Event "4NCL 2009-10"]
[Site "Sunningdale ENG"]
[Date "2009.10.24"]
[Round "1"]
[White "Ynojosa,A"]
[Black "Chaumont,A"]
[Result "1-0"]
[WhiteElo "1753"]
[BlackElo "2049"]
[EventDate "2009.10.24"]

1. e4 c6 2. c4 d5 3. cxd5 cxd5 4. exd5 Nf6 5. Nf3 Nxd5 6. Bc4 e6 7. O-O Be7
8. Nc3 Nb6 9. Bb3 Nc6 10. d4 Nb4 11. Ne5 O-O 12. a3 N4d5 13. Qd3 Nf6 14.
Bc2 g6 15. Re1 Nbd5 16. Bh6 Re8 17. Ba4 Bd7 18. Nxd7 Nxd7 19. Nxd5 exd5 20.
Qh3 f5 21. Qf3 Nf6 22. Bxe8 Qxe8 23. Qe3 Bd6 24. Qxe8+ Nxe8 25. Re6 Kf7 26.
Rae1 Rc8 27. g3 Rd8 28. Bg5 Rc8 29. Be7 Rc1 30. Bxd6 Rxe1+ 31. Rxe1 Nxd6
32. Re5 a6 33. Rxd5 Ke6 34. Re5+ Kd7 35. Kg2 Nb5 36. a4 Nd6 37. b3 Ne4 38.
f3 Nd6 39. h3 Nf7 40. Re2 Ng5 41. f4 Ne6 42. Rd2 Kd6 43. Kf3 Kd5 44. Ke3
Kd6 45. g4 Ng7 46. Rc2 Kd7 47. d5 Ne8 48. Kd4 fxg4 49. hxg4 Nf6 50. g5 Ne8
51. Ke5 Nc7 52. Rh2 1-0

[Event "4NCL 2009-10"]
[Site "Sunningdale ENG"]
[Date "2009.10.24"]
[Round "1"]
[White "Wells,P"]
[Black "Swanson,S"]
[Result "1/2-1/2"]
[WhiteElo "2489"]
[BlackElo "2263"]
[EventDate "2009.10.24"]

1. d4 g6 2. e4 Bg7 3. c4 d6 4. Nc3 e5 5. Nf3 Nc6 6. Bg5 Qd7 7. Be3 Nh6 8.
h3 f5 9. d5 Nd8 10. c5 f4 11. Bd2 Nhf7 12. Bb5 c6 13. dxc6 bxc6 14. Bc4 Ne6
15. cxd6 Nxd6 16. Bxe6 Qxe6 17. O-O O-O 18. Re1 Rd8 19. Qa4 Nf7 20. Rad1 g5
21. Bc1 Rxd1 22. Rxd1 h5 23. Qa5 Bf6 24. Qc7 g4 25. hxg4 hxg4 26. Nh2 Ba6
27. Qd7 Bc8 28. Qxe6 Bxe6 29. b3 Rd8 30. Rxd8+ Bxd8 31. Na4 Bc7 32. Ba3 Kg7
33. Bc5 Bb8 34. Nf1 Kf6 35. Nd2 Nd6 36. Kf1 Bc8 37. Ke1 Ba6 38. Nb2 Nb7 39.
Bb4 Bd6 40. Bxd6 Nxd6 41. Na4 Bc8 42. Nc5 Be6 43. a4 Nc8 44. Ke2 Ke7 45.
Kd3 Kd6 46. b4 Bf7 47. Nb7+ Kc7 48. Na5 Nd6 49. Nac4 Bxc4+ 50. Nxc4 Nf7 51.
Na5 Ng5 52. Nc4 Nf7 53. Na5 1/2-1/2

[Event "4NCL 2009-10"]
[Site "Sunningdale ENG"]
[Date "2009.10.24"]
[Round "1"]
[White "Borman,P"]
[Black "McNab,C"]
[Result "0-1"]
[WhiteElo "2218"]
[BlackElo "2466"]
[EventDate "2009.10.24"]

1. d4 d6 2. Nf3 g6 3. e4 Nf6 4. Nc3 Bg7 5. h3 c6 6. Be3 Qc7 7. a4 Nbd7 8.
a5 O-O 9. Be2 Rb8 10. O-O b5 11. axb6 axb6 12. d5 Nc5 13. Nd2 b5 14. dxc6
Qxc6 15. Bf3 e5 16. Nd5 Nxd5 17. exd5 Qc7 18. Ne4 Nxe4 19. Bxe4 f5 20. Bd3
e4 21. Ra7 Rb7 22. Rxb7 Qxb7 23. Be2 f4 24. Bd4 f3 25. Bxg7 fxe2 26. Qxe2
Qxg7 27. Qxb5 Qe5 28. Re1 Qd4 29. Re3 Qd2 30. Qe2 Qxd5 31. Rxe4 Bb7 32. Qc4
Qxc4 33. Rxc4 Rc8 34. Rb4 Rc7 35. c3 Kf7 36. f4 Ke6 37. Kf2 Bd5 38. g3 Rb7
39. Rxb7 Bxb7 40. g4 Be4 41. Ke3 Bg2 42. h4 h5 43. f5+ gxf5 44. gxh5 Ke5
45. h6 f4+ 46. Kf2 Be4 47. b4 Kf6 48. h5 Kf7 49. c4 Kg8 50. c5 dxc5 51.
bxc5 Kh7 0-1

[Event "4NCL 2009-10"]
[Site "Sunningdale ENG"]
[Date "2009.10.24"]
[Round "1"]
[White "Palliser,R"]
[Black "Dunn,An1"]
[Result "1-0"]
[WhiteElo "2435"]
[BlackElo "2220"]
[EventDate "2009.10.24"]

1. d4 d5 2. c4 e6 3. Nf3 Nf6 4. Bg5 Be7 5. Nc3 O-O 6. e3 Nbd7 7. Rc1 a6 8.
c5 c6 9. Bd3 e5 10. dxe5 Ne8 11. Bf4 Nxc5 12. Bb1 f6 13. Qc2 f5 14. a3 Nc7
15. Nd4 Nb5 16. Ncxb5 axb5 17. g4 g6 18. gxf5 Bxf5 19. Nxf5 Rxf5 20. Qe2
Rf7 21. h4 Ne6 22. h5 g5 23. Bg3 Ra4 24. Rd1 Qa5+ 25. b4 Qd8 26. Qg4 Nf8
27. e6 Rg7 28. h6 Rg6 29. Bxg6 Nxg6 30. O-O Rxa3 31. e4 d4 32. Qf5 Qf8 33.
Rxd4 Nh4 34. Bxh4 gxh4 35. Rfd1 Rf3 36. Qg4+ Kh8 37. Rd8 1-0

[Event "4NCL 2009-10"]
[Site "Sunningdale ENG"]
[Date "2009.10.24"]
[Round "1"]
[White "Harley,A"]
[Black "Barrett,S"]
[Result "1-0"]
[WhiteElo "2204"]
[BlackElo "2212"]
[EventDate "2009.10.24"]

1. e4 c5 2. c3 d5 3. exd5 Qxd5 4. d4 Nc6 5. Nf3 cxd4 6. cxd4 e5 7. Nc3 Bb4
8. Bd2 Bxc3 9. Bxc3 e4 10. Ne5 Nxe5 11. dxe5 Ne7 12. Be2 O-O 13. O-O Bf5
14. Qa4 Qe6 15. Rfd1 Nd5 16. Bc4 Nxc3 17. Bxe6 Nxa4 18. Bxf5 Nxb2 19. Rdb1
Nc4 20. Bxe4 Nxe5 21. Rxb7 a6 22. f4 Ng4 23. Bd5 Rad8 24. Bb3 Rd4 25. g3
Rd2 26. Rd1 Nxh2 27. Rxd2 Nf3+ 28. Kf2 Nxd2 29. Bd5 g5 30. Rb2 1-0

[Event "4NCL 2009-10"]
[Site "Sunningdale ENG"]
[Date "2009.10.24"]
[Round "1"]
[White "Gayson,P"]
[Black "Rowe,D"]
[Result "1/2-1/2"]
[WhiteElo "2240"]
[BlackElo "2194"]
[EventDate "2009.10.24"]

1. e4 e5 2. Nf3 Nc6 3. d4 exd4 4. Bc4 Nf6 5. O-O Nxe4 6. Re1 d5 7. Bxd5
Qxd5 8. Nc3 Qh5 9. Nxe4 Be6 10. Bg5 Bb4 11. Nxd4 Qxd1 12. Rexd1 Nxd4 13.
Rxd4 Be7 14. Bxe7 Kxe7 15. Nc5 Rad8 16. Nxe6 fxe6 17. Rad1 Rxd4 18. Rxd4 c5
19. Rd3 Rf8 20. f3 Rf4 21. Kf2 Rc4 22. c3 Ra4 23. a3 Rh4 24. h3 c4 25. Rd2
Rh5 26. Ke3 Re5+ 27. Kf2 g5 28. Rd4 Rb5 29. Rd2 h5 30. g3 Kf6 31. f4 gxf4
32. gxf4 Kf5 33. Ke3 Rd5 34. Rxd5+ exd5 35. a4 h4 36. a5 b6 37. axb6 axb6
38. Kf3 b5 39. Ke3 Ke6 40. Kd4 Kf5 41. Ke3 Kf6 42. Ke2 Ke6 43. Kd2 Kf6 44.
Ke2 1/2-1/2

[Event "4NCL 2009-10"]
[Site "Sunningdale ENG"]
[Date "2009.10.24"]
[Round "1"]
[White "Fidalgo Fernandez,L"]
[Black "Byway,P"]
[Result "1-0"]
[WhiteElo "2115"]
[BlackElo "2158"]
[EventDate "2009.10.24"]

1. d4 Nf6 2. Nf3 e6 3. c4 d5 4. Nc3 Nbd7 5. Bg5 Bb4 6. cxd5 exd5 7. Qc2 O-O
8. e3 c5 9. Bd3 Qa5 10. O-O c4 11. Bf5 Re8 12. a3 Bxc3 13. bxc3 Ne4 14.
Rfc1 Nb6 15. Bxc8 Raxc8 16. a4 f6 17. Bf4 Rc6 18. Qb2 Nxa4 19. Qxb7 Rce6
20. Bc7 Qa6 21. Qb4 Qc6 22. Bf4 Naxc3 23. Rxc3 Nxc3 24. Qxc3 Qb7 25. Nd2 g5
26. Bg3 f5 27. Be5 Rb6 28. g4 fxg4 29. e4 Rc8 30. exd5 Qxd5 31. Rxa7 Rb7
32. Ra6 Rf7 33. Qe3 Rf5 34. Ne4 Rc6 35. Ra8+ Kf7 36. Nxg5+ Kg6 37. Ne4 c3
38. Ra7 h6 39. Rg7+ Kh5 40. Ng3+ 1-0

[Event "4NCL 2009-10"]
[Site "Sunningdale ENG"]
[Date "2009.10.24"]
[Round "1"]
[White "Bentley,J"]
[Black "Lewyk,I"]
[Result "0-1"]
[WhiteElo "2237"]
[BlackElo "2123"]
[EventDate "2009.10.24"]

1. e4 d5 2. exd5 Nf6 3. Nc3 Nxd5 4. d4 Bf5 5. Bc4 c6 6. a4 e6 7. Nge2 Bd6
8. Nxd5 exd5 9. Bd3 Bg4 10. h3 Bh5 11. O-O O-O 12. Qd2 Nd7 13. Ng3 Bxg3 14.
fxg3 Qb6 15. Kh2 Bg6 16. c3 Nf6 17. b4 Rae8 18. Ba3 Bxd3 19. Qxd3 Re4 20.
Rf4 Rfe8 21. Rxe4 Nxe4 22. Rf1 Qc7 23. Bc1 Qe7 24. a5 Nd6 25. Bf4 Nb5 26.
Rf3 f6 27. Re3 Qd7 28. Rxe8+ Qxe8 29. Bd2 Qe4 30. Qxe4 dxe4 31. Kg1 Kf7 32.
Kf2 f5 33. Ke3 Ke6 34. c4 Nd6 35. d5+ cxd5 36. cxd5+ Kxd5 37. Bc3 g5 38.
Bf6 Nc4+ 39. Ke2 h6 40. g4 fxg4 41. hxg4 Ne5 42. Bxe5 Kxe5 43. Ke3 a6 44.
g3 Kd5 0-1

[Event "4NCL 2009-10"]
[Site "Sunningdale ENG"]
[Date "2010.01.16"]
[Round "3"]
[White "Hammer,J"]
[Black "Pinter,G"]
[Result "1-0"]
[WhiteElo "2585"]
[BlackElo "2349"]
[EventDate "2009.10.24"]

1. e4 c5 2. Nf3 e6 3. d4 cxd4 4. Nxd4 Nf6 5. Nc3 d6 6. Be3 a6 7. f3 Nc6 8.
Qd2 Be7 9. O-O-O O-O 10. g4 Nxd4 11. Bxd4 b5 12. h4 Bb7 13. a3 Rc8 14. g5
Nd7 15. f4 Nc5 16. Bg2 a5 17. Qe3 b4 18. Nb5 bxa3 19. Nxa3 Qb6 20. Kb1 Rfd8
21. h5 e5 22. fxe5 dxe5 23. Bxe5 Na4 24. Qxb6 Nxb6 25. Rxd8+ Rxd8 26. Bf4
f5 27. Nb5 Nc4 28. Re1 Kf7 29. g6+ hxg6 30. hxg6+ Kf8 31. Nc7 Rd7 32. Bf1
Nd2+ 33. Bxd2 Rxd2 34. exf5 Bf6 35. Re8+ 1-0

[Event "4NCL 2009-10"]
[Site "Sunningdale ENG"]
[Date "2010.01.16"]
[Round "3"]
[White "Dearing,E"]
[Black "Gordon,S"]
[Result "0-1"]
[WhiteElo "2406"]
[BlackElo "2535"]
[EventDate "2009.10.24"]

1. d4 Nf6 2. c4 e6 3. Nc3 Bb4 4. Qc2 d5 5. cxd5 exd5 6. Bg5 c5 7. dxc5 h6
8. Bh4 g5 9. Bg3 Ne4 10. e3 Qa5 11. Nge2 Bf5 12. Be5 O-O 13. Nd4 Nxc3 14.
Nxf5 Ne4+ 15. Kd1 Nc6 16. Bd4 Rfe8 17. Bd3 Rac8 18. Bxe4 Nxd4 19. exd4 Rxe4
20. Qd3 Rce8 21. Ng3 R4e6 22. a3 Qa4+ 23. b3 Qa5 24. Kc2 Bxc5 25. dxc5
Qxc5+ 26. Kd1 Qxf2 27. Qd2 Qb6 28. b4 Qa6 29. a4 Re3 30. b5 Qg6 31. Kc1
Rc8+ 32. Kb2 Qf6+ 33. Ka2 Rcc3 34. Qb2 d4 35. Rac1 Qe6+ 36. Ka1 Ra3+ 37.
Kb1 Rab3 0-1

[Event "4NCL 2009-10"]
[Site "Sunningdale ENG"]
[Date "2010.01.16"]
[Round "3"]
[White "Baburin,A"]
[Black "Bisby,D"]
[Result "1-0"]
[WhiteElo "2550"]
[BlackElo "2297"]
[EventDate "2009.10.24"]

1. d4 Nf6 2. c4 b6 3. Nc3 Bb7 4. d5 e6 5. a3 Bd6 6. Nf3 Qe7 7. Bg5 Na6 8.
e3 c6 9. Be2 cxd5 10. cxd5 Nc7 11. Ne4 h6 12. Bxf6 gxf6 13. O-O f5 14.
Nxd6+ Qxd6 15. dxe6 Qxe6 16. Nd4 Qe5 17. Bf3 Be4 18. Bxe4 fxe4 19. Qg4 Ne6
20. Rfd1 O-O-O 21. Qf5 Qxf5 22. Nxf5 d5 23. Ne7+ Kb7 24. Nxd5 Nc5 25. Nc3
f5 26. Kf1 Nd3 27. Rd2 Rc8 28. Nb5 Rhd8 29. Rad1 Rd5 30. Nd4 Rdc5 31. f3
Rc1 32. Nxf5 R8c2 33. Nd6+ Ka6 34. Nxe4 Nxb2 35. Rxc1 Rxc1+ 36. Ke2 Nc4 37.
Ra2 Rh1 38. f4 Rxh2 39. Kd3 b5 40. a4 Rh1 41. axb5+ Kxb5 42. Nc3+ Kc5 43.
Rxa7 Nb2+ 44. Ke2 Rg1 45. Kf2 Rh1 46. Na4+ 1-0

[Event "4NCL 2009-10"]
[Site "Sunningdale ENG"]
[Date "2010.01.16"]
[Round "3"]
[White "Moskovic,D"]
[Black "Pert,N"]
[Result "0-1"]
[WhiteElo "2307"]
[BlackElo "2541"]
[EventDate "2009.10.24"]

1. e4 e6 2. d4 d5 3. e5 c5 4. c3 Nc6 5. Nf3 Bd7 6. Be2 Nge7 7. Na3 cxd4 8.
cxd4 Nf5 9. Nc2 Qb6 10. h4 Na5 11. g4 Ne7 12. h5 h6 13. b3 Bb5 14. Ba3 Nec6
15. Bxf8 Rxf8 16. O-O Bxe2 17. Qxe2 O-O-O 18. Rad1 g5 19. hxg6 fxg6 20. Qe3
Ne7 21. Nh4 g5 22. Ng2 Ng6 23. f4 Nxf4 24. Nxf4 gxf4 25. Rxf4 Rg8 26. Rd2
h5 27. Rg2 hxg4 28. Rfxg4 Rh8 29. Rg6 Kb8 30. Rh6 Rhe8 31. Qd3 Rc8 32. Kh2
Nc6 33. Kh1 Nb4 34. Nxb4 Qxb4 35. Qd2 Qb5 36. Rf6 a5 37. Rgg6 a4 38. Rxe6
Qf1+ 39. Kh2 Rxe6 40. Rxe6 Rg8 0-1

[Event "4NCL 2009-10"]
[Site "Sunningdale ENG"]
[Date "2010.01.16"]
[Round "3"]
[White "Spencer,C"]
[Black "Pert,R"]
[Result "0-1"]
[WhiteElo "2136"]
[BlackElo "2457"]
[EventDate "2009.10.24"]

1. e4 c5 2. Nf3 Nc6 3. Bb5 d6 4. d4 cxd4 5. Qxd4 Bd7 6. Bxc6 Bxc6 7. Nc3
Nf6 8. Bg5 e6 9. O-O Be7 10. Rae1 h6 11. Bh4 O-O 12. Qd3 Qb6 13. Nd4 Rfe8
14. b3 Rac8 15. Re3 Ng4 16. Rh3 Ne5 17. Qd2 Bxh4 18. Rxh4 Qc5 19. Rh3 Ng6
20. Re1 b5 21. a3 a6 22. Rg3 Qxa3 23. h4 Qc5 24. b4 Qe5 25. Nf3 Qf4 26. Re3
Bb7 27. Ne2 Qf6 28. h5 Ne5 29. Nxe5 Qxe5 30. f4 Qb2 31. Nd4 Rc4 32. Rd3
Bxe4 33. f5 Bxd3 34. Rxd3 exf5 0-1

[Event "4NCL 2009-10"]
[Site "Sunningdale ENG"]
[Date "2010.01.16"]
[Round "3"]
[White "Arakhamia-Grant,K"]
[Black "Chevannes,S"]
[Result "1-0"]
[WhiteElo "2499"]
[BlackElo "2062"]
[EventDate "2009.10.24"]

1. e4 c6 2. d4 d5 3. e5 c5 4. dxc5 e6 5. a3 Nc6 6. Nf3 Qc7 7. Bf4 Bxc5 8.
b4 Bf8 9. Bd3 Nge7 10. O-O Ng6 11. Bg3 a6 12. Re1 Be7 13. h4 Qd8 14. h5 Nh4
15. Nxh4 Bxh4 16. Qg4 Bxg3 17. Qxg3 g6 18. Nd2 Ne7 19. Nf3 Bd7 20. a4 Qc7
21. Qh4 Rf8 22. Ng5 O-O-O 23. Nxh7 Rfe8 24. Nf6 Rh8 25. h6 Nf5 26. Bxf5
gxf5 27. h7 Bc6 28. b5 Be8 29. Qg3 a5 30. Qg7 Bd7 31. Ng8 1-0

[Event "4NCL 2009-10"]
[Site "Sunningdale ENG"]
[Date "2010.01.16"]
[Round "3"]
[White "Rowson,J"]
[Black "White,Mi"]
[Result "1-0"]
[WhiteElo "2579"]
[BlackElo "2227"]
[EventDate "2009.10.24"]

1. d4 Nf6 2. c4 g6 3. Nc3 Bg7 4. e4 O-O 5. Be3 d6 6. f3 c5 7. dxc5 dxc5 8.
Qxd8 Rxd8 9. Bxc5 Nc6 10. Nge2 Nd7 11. Bf2 Nde5 12. Nf4 b6 13. Nfd5 e6 14.
Nc7 Rb8 15. Bh4 Rd7 16. Ne8 Nd3+ 17. Bxd3 Bxc3+ 18. bxc3 Rxd3 19. Nf6+ Kg7
20. Ng4 Ba6 21. Bf6+ Kf8 22. h4 Bxc4 23. h5 Rb7 24. h6 Rbd7 25. Kf2 Rd2+
26. Kg3 Re2 27. Rad1 Rxd1 28. Rxd1 Rxa2 29. Bg7+ Ke7 30. Bf6+ Ke8 31. Ne5
1-0